| 000 | 00898nac a22002891u 4500 | ||
|---|---|---|---|
| 999 |
_c15248 _d15248 |
||
| 003 | EG-ScBUE | ||
| 005 | 20201108104251.0 | ||
| 008 | 110505r19941887enk f 000 1 eng d | ||
| 020 | _a0140621490 | ||
| 020 | _a9780140621495 | ||
| 035 | _a(OCoLC)27336094 | ||
| 040 |
_aEG-ScBUE _beng _erda _cEG-ScBUE _dEG-ScBUE |
||
| 082 |
_a823.8 _bSEW _222 |
||
| 100 | 1 |
_aSewell, Anna, _d1820-1878, _eauthor. _923616 |
|
| 245 | 1 | 0 |
_aBlack Beauty / _cAnna Sewell. |
| 264 | 1 |
_aLondon, England : _bPenguin Books, _c1994. |
|
| 300 |
_a213 pages ; _c24 cm. |
||
| 336 |
_2rdacontent _atext _btxt |
||
| 337 |
_2rdamedia _aunmediated _bn |
||
| 338 |
_2rdacarrier _avolume _bnc |
||
| 490 | 0 | _aPenguin Popular classics | |
| 650 | 7 |
_923617 _aHorses _xJuvenile fiction. _2BUEsh |
|
| 653 |
_cMay2011 _bHHUUEENN |
||
| 655 |
_vReading book _934232 |
||
| 942 |
_cBB _k813 SEW _2ddc |
||